|
|
|
|
| LEADER |
00000nbm0a2200000 4500 |
| 001 |
168223 |
| 005 |
20231031163036.0 |
| 029 |
0 |
0 |
|a SU
|b 71073552
|f ТПУ
|
| 035 |
|
|
|a (RuTPU)RU\TPU\book\182517
|
| 090 |
|
|
|a 168223
|
| 100 |
|
|
|a 20091026d1973 k y0rusy50 ca
|
| 101 |
0 |
|
|a rus
|
| 102 |
|
|
|a RU
|
| 105 |
|
|
|a a p 001zy
|
| 200 |
1 |
|
|a Управление режимами работы и выбор параметров устройств дальних линий электропередач переменного тока с промежуточными энергосистемами (II-часть)
|e Отчет о НИР
|e Тема: Програмное управление и построение объединений электроэнергетических систем с дальними электропередачами переменного тока
|f Томский политехнический институт (ТПИ) ; руководитель Р. И. Борисов
|
| 210 |
|
|
|a Томск
|d 1973
|
| 215 |
|
|
|a 71 л.
|
| 320 |
|
|
|a Библиогр.: с. 67-69.
|
| 610 |
1 |
|
|a отчеты о НИР
|
| 610 |
1 |
|
|a линии электропередачи
|
| 610 |
1 |
|
|a переменный ток
|
| 610 |
1 |
|
|a электроэнергетические системы
|
| 610 |
1 |
|
|a режимы работы
|
| 610 |
1 |
|
|a устройства
|
| 610 |
1 |
|
|a параметры
|
| 610 |
1 |
|
|a программированное управление
|
| 675 |
|
|
|a 621.315.1.027(04)
|v 3
|
| 702 |
|
1 |
|a Борисов
|b Р. И.
|4 673
|
| 712 |
0 |
2 |
|a Томский политехнический институт (ТПИ)
|c (1944-1991)
|2 stltpush
|3 (RuTPU)RU\TPU\col\1123
|4 595
|
| 801 |
|
1 |
|a RU
|b 63413507
|c 20091026
|
| 801 |
|
2 |
|a RU
|b 63413507
|c 20091102
|g RCR
|
| 942 |
|
|
|c BK
|